Gaming Quiz

Random Gaming or Card Games Quiz
Score 0/20 Timer 02:00
6 Plays Today
Question Answer Wrong Answers
What creatures chase Pacman around the maze? Trolls
91.8%
Ghosts
5.6%
Sonic the Hedgehog is predominantly what colour? Black
90.3%
Blue
9.5%
In which game do players collect wedges by answering questions of varying categories? Cranium
87.9%
Trivial Pursuit
8.2%
Princess Peach is the love interest of which Mario brother? Luigi
85.3%
Mario
10.1%
The objective of chess is to capture which regal piece? Queen
83.9%
King
14.3%
What is the highest ranking type of hand in poker called? Four of a Kind
77.2%
Straight Flush
15.2%
What toy was invented by a Hungarian professor in the 1970s? Slinky
74.1%
Rubik's cube
15.9%
Which Minecraft ore is required to craft the most durable tools? Gold
72.1%
Diamond
16.4%
Who is the main playable character in the games Majora's Mask and Ocarina of Time? Zelda
67.9%
Link
23.6%
Which fighting game series includes recurring characters Sonya Blade and Sub-Zero? Street Fighter
67.3%
Mortal Kombat
19%
Which James Bond film was made into a game for the N64 console? Goldfinger
67.1%
Goldeneye
16%
What type of ship is the longest piece in Battleship? Battleship
67%
Aircraft Carrier
20.6%
What space is diagonally opposite from Go on a standard Monopoly board? Go to Jail
65.9%
Free Parking
28.8%
The Dreamcast is a games console released by which company? Atari
65.4%
Sega
15.6%
Up to how many dice can one roll in a standard game of Yahtzee? Six
60.6%
Five
30.1%
In which card game does one try to 'shoot the moon?' Spades
58.7%
Hearts
30.6%
Which Grand Theft Auto game is set in a fictional version of New York City? GTA V
51.6%
GTA IV
33.3%
What Pokémon is the 151st and final entry of the original Pokédex? Mewtwo
48.5%
Mew
44.5%
How many points is the letter 'X' worth in Scrabble? Ten
40.9%
Eight
53.1%
What is the most valuable piece in a game of Operation? Broken Heart
17.3%
Bread Basket
60.8%
Remove Ads.
Support Sporcle.
Get the best of Sporcle when you Go Orange. This ad-free experience offers more features, more stats, and more fun while also helping to support Sporcle. Thank you for becoming a member.

You're not logged in!

Compare scores with friends on all Sporcle quizzes.
OR
Log In

Show Comments

Extras

Top Quizzes Today


Score Distribution

Your Account Isn't Verified!

In order to create a playlist on Sporcle, you need to verify the email address you used during registration. Go to your Sporcle Settings to finish the process.

Report this User

Report this user for behavior that violates our Community Guidelines.

Details: